书目信息 |
| 题名: |
天文普及年历
|
|
| 作者: | ;紫金山天文台 , 北京天文馆 编 | |
| 分册: | ||
| 出版信息: | 北京 科学出版社 1978 |
|
| 页数: | 188页 | |
| 开本: | 19cm | |
| 丛书名: | ||
| 单 册: | ||
| 中图分类: | P197.1 | |
| 科图分类: | ||
| 主题词: | 天文年历--中国--1979 , 历法 , 时间 | |
| 电子资源: | ||
| ISBN: | ||
| 000 | 00699nam0 2200253 45 | |
| 001 | 0178006145 | |
| 005 | 20060810095030.21 | |
| 010 | @dCNY0.45 | |
| 091 | @a13031.880 | |
| 100 | @a19950726d1978 em y0chiy0121 ea | |
| 101 | 0 | @achi |
| 102 | @aCN@b110000 | |
| 105 | @ay z 000yy | |
| 200 | 10 | @a天文普及年历@Atian wen pu ji nian li@e1979@f紫金山天文台,北京天文馆编 |
| 210 | @a北京@c科学出版社@d1978 | |
| 215 | @a188页@d19cm | |
| 606 | @a天文年历@y中国@z1979 | |
| 606 | 0 | @a历法 |
| 606 | 0 | @a时间 |
| 690 | @aP197.1@v3 | |
| 711 | 02 | @a紫金山天文台@Azi jin shan tian wen tai@4编 |
| 711 | 02 | @a北京天文馆@Abei jing tian wen guan@4编 |
| 801 | 0 | @aCN@bNLC@c20060810 |
| 905 | @dP197.1@e93:(1979) | |
| 天文普及年历:1979/紫金山天文台,北京天文馆编.-北京:科学出版社,1978 |
| 188页;19cm |
| ISBN :CNY0.45 |
| ● |
| 相关链接 |
|
|
|
|
正题名:天文普及年历
索取号:P197.1/93:(1979)
 
预约/预借
| 序号 | 登录号 | 条形码 | 馆藏地/架位号 | 状态 | 备注 |
| 1 | 0019223 | 001939139 | 第三借阅区/ [索取号:P197.1/93:(1979)] | 在馆 | |
| 2 | 0204949 | 001930469 | 第三借阅区/ [索取号:P197.1/93:(1979)] | 在馆 | |
| 3 | 0204950 | 202220284 | 密集书库/ [索取号:P197.1/93:(1979)] | 在馆 | |
| 4 | 0452068 | 204520688 | 密集书库/ [索取号:P197.1/93:(1979)] | 在馆 |